000 00909nam a2200229Ia 4500
003 GCL
008 140319s9999 xx 000 0 ara d
040 _aGCL /
_cGCL
082 0 4 _a410
_bم ل
100 1 _aمحمود عكاشة
245 1 0 _aاللغة العربية الميسرة للمتعلمين :
_bالاصوات واداؤها ، والابنية ، والجمل /
_cمحمود عكاشة
250 _aالاولي
260 _aالقاهرة :
_bدار البيان العربى ،
_c2002
300 _a310 ص ؛
_c24 سم
650 0 4 _aاللغة العربية - النحو
650 0 4 _aاللغة العربية - الصرف
650 0 4 _aاللغة العربية - علم
650 0 4 _aاللغة العربية - قواعد الاملاء
650 0 4 _aالبلاغة العربية - المعانى
650 0 4 _aالاصوات اللغوية العربية
942 _2ddc
_cBK
999 _c5891
_d5891